000 00486nam a2200193Ia 4500
005 20250423100053.0
008 250422s9999 xx 000 0 und d
020 _a0-13-213778-X
050 _aT 58.6 .L376/
100 _aLaudon, Kenneth C.
245 0 _aManagement information systems : managing the digital firm
250 _a3rd ed.
260 _aNew Jersey
260 _bpearson prentice hall
260 _c2007
300 _a117 p
650 _aManagement
942 _cBK
999 _c32199
_d32199